[Event "Donau op 12th"]
[Site "Aschach"]
[Date "2003.12.29"]
[Round "5"]
[White "Seifert, Volker"]
[Black "Ebner, Josef"]
[Result "1-0"]
[WhiteElo "2337"]
[BlackElo "2074"]
[PlyCount "33"]
[EventDate "2003.12.26"]
[EventType "swiss"]
[EventRounds "7"]
[EventCountry "AUT"]
[SourceTitle "CBM 097 Extra"]
[Source "ChessBase"]
[SourceDate "2004.01.13"]
[SourceVersion "1"]
[SourceVersionDate "2004.01.13"]
[SourceQuality "1"]

1. d4 Nf6 2. c4 e6 3. Nc3 Bb4 4. Qc2 b6 5. e4 Bxc3+ 6. bxc3 Bb7 7. Bd3 d6 8. Ne2 Nbd7 9. 0-0 e5 10. f4 Qe7 11. Ng3 0-0-0 12. fxe5 dxe5 13. a4 a5 14. c5 exd4 15. cxd4 bxc5 16. Rb1 c4 17. Qxc4 1-0

[Event "Donau op 10th"]
[Site "Aschach"]
[Date "2001.12.26"]
[Round "1"]
[White "Ebner, Josef"]
[Black "Rogulj, Branko"]
[Result "0-1"]
[WhiteElo "2119"]
[BlackElo "2456"]
[PlyCount "106"]
[EventDate "2001.12.26"]
[EventType "swiss"]
[EventRounds "7"]
[EventCountry "AUT"]
[SourceTitle "CBM 085 Extra"]
[Source "ChessBase"]
[SourceDate "2002.01.21"]
[SourceVersion "1"]
[SourceVersionDate "2002.01.21"]
[SourceQuality "1"]

1. Nf3 Nf6 2. g3 g6 3. Bg2 Bg7 4. 0-0 0-0 5. d4 d5 6. Nbd2 c6 7. b3 Ne4 8. Bb2 f5 9. Ne1 b6 10. Nd3 Nd7 11. c4 e6 12. Rc1 Bb7 13. Rc2 a5 14. a4 Re8 15. Qa1 Nxd2 16. Rxd2 g5 17. e3 Qf6 18. f4 g4 19. Rc1 h5 20. Ba3 Bf8 21. Bxf8 Qxf8 22. c5 bxc5 23. Nxc5 Nxc5 24. Rxc5 Reb8 25. Qc3 Qd8 26. Bf1 Ra7 27. Rc2 Qb6 28. Bd3 Ba8 29. Rb2 Kf7 30. Qe1 Qb4 31. Qxb4 Rxb4 32. Kf2 Ke7 33. Ke2 Kd6 34. Kd2 Rb8 35. Rb1 h4 36. Kc3 hxg3 37. hxg3 Rh8 38. Rg1 Rh2 39. Bf1 Rf2 40. Bd3 Bb7 41. Bf1 Ra8 42. Bd3 Rf3 43. Kd2 Rh8 44. Rg2 Rh3 45. Rxa5 Kc7 46. Ke2 Rfxg3 47. Rxg3 Rxg3 48. Kf2 Rf3+ 49. Ke2 Rh3 50. Rc5 Rh2+ 51. Kf1 Rd2 52. Be2 g3 53. Bf3 Rf2+ 0-1

[Event "Passau op 8th"]
[Site "Passau"]
[Date "2000.04.23"]
[Round "6"]
[White "Weiss, Oliver"]
[Black "Ebner, Josef"]
[Result "0-1"]
[WhiteElo "2175"]
[BlackElo "2097"]
[PlyCount "66"]
[EventDate "2000.04.21"]
[EventType "swiss"]
[EventRounds "7"]
[EventCountry "GER"]
[SourceTitle "CBM 076 Extra"]
[Source "ChessBase"]
[SourceDate "2000.07.11"]
[SourceVersion "1"]
[SourceVersionDate "2000.07.11"]
[SourceQuality "1"]

1. d4 Nf6 2. Nf3 e6 3. e3 d5 4. Bd3 Nbd7 5. Nbd2 Bd6 6. e4 dxe4 7. Nxe4 Nxe4 8. Bxe4 Nf6 9. Bd3 h6 10. 0-0 0-0 11. Qe2 b6 12. Ne5 Bb7 13. f4 c5 14. dxc5 Bxc5+ 15. Kh1 Re8 16. Bb5 Rf8 17. Be3 Bxe3 18. Qxe3 Bxg2+ 19. Kxg2 Qd5+ 20. Rf3 Qxb5 21. Rg1 Nd5 22. Qf2 Nxf4+ 23. Rxf4 Qxe5 24. Kh3 Qxb2 25. Qh4 Kh7 26. Rfg4 g6 27. Qe7 Qe5 28. R1g3 Qf5 29. Kg2 Qxc2+ 30. Kh1 Qc6+ 31. Rg2 Rad8 32. h4 Rd1+ 33. Kh2 Qd6+ 0-1

[Event "Passau op 7th"]
[Site "Passau"]
[Date "1999.04.02"]
[Round "1"]
[White "Ebner, Josef"]
[Black "Breuer, Herbert"]
[Result "1-0"]
[WhiteElo "2105"]
[BlackElo "1640"]
[PlyCount "61"]
[EventDate "1999.04.02"]
[EventType "swiss"]
[EventRounds "7"]
[EventCountry "GER"]
[SourceTitle "EXT 2000"]
[Source "ChessBase"]
[SourceDate "1999.11.16"]
[SourceVersion "1"]
[SourceVersionDate "1999.11.16"]
[SourceQuality "1"]

1. Nf3 Nf6 2. g3 c6 3. Bg2 d5 4. 0-0 Nbd7 5. d3 e5 6. Nbd2 Bd6 7. e4 Nf8 8. Re1 Qc7 9. exd5 cxd5 10. Nxe5 Be6 11. d4 h5 12. Qe2 0-0-0 13. Ndf3 N8h7 14. Ng5 Nxg5 15. Bxg5 Rde8 16. Rac1 Kb8 17. c4 Qa5 18. c5 Bc7 19. Rc3 Ne4 20. Ra3 Qb4 21. Rb3 Qa4 22. Be3 Bxe5 23. dxe5 f6 24. Ra3 Qc6 25. exf6 Nxf6 26. b4 h4 27. b5 Qc8 28. Bf4+ Ka8 29. Rxa7+ Kxa7 30. b6+ Ka8 31. Qb5 1-0

[Event "Schwarzach op-B"]
[Site "Schwarzach"]
[Date "1999.??.??"]
[Round "2"]
[White "Ebner, Josef"]
[Black "Noell, Thomas"]
[Result "1/2-1/2"]
[WhiteElo "1760"]
[BlackElo "1890"]
[PlyCount "81"]
[EventDate "1999.08.??"]
[EventType "swiss"]
[EventRounds "9"]
[EventCountry "AUT"]
[SourceTitle "EXT 2000"]
[Source "ChessBase"]
[SourceDate "1999.11.16"]
[SourceVersion "1"]
[SourceVersionDate "1999.11.16"]
[SourceQuality "1"]

1. Nf3 d5 2. c4 e6 3. b3 Nf6 4. Bb2 Be7 5. g3 b6 6. Bg2 Bb7 7. 0-0 0-0 8. e3 Nbd7 9. d3 c5 10. Nbd2 Qc7 11. Qe2 Rad8 12. Rfd1 Bd6 13. Rac1 Qb8 14. a3 Rfe8 15. d4 e5 16. dxe5 Nxe5 17. Nxe5 Bxe5 18. Bxe5 Qxe5 19. cxd5 Bxd5 20. Nc4 Qe6 21. Bxd5 Nxd5 22. Nd2 Qe7 23. Qf3 f5 24. Rc4 g6 25. e4 b5 26. exd5 bxc4 27. bxc4 Qe2 28. Qxe2 Rxe2 29. Nb3 Rc2 30. Na5 Rd7 31. Rd3 Kf8 32. Rb3 Ke8 33. Rb5 Rc7 34. Rb3 Kd7 35. Re3 Rc1+ 36. Kg2 Ra1 37. Rd3 Kd6 38. Re3 Kd7 39. Rb3 Ra2 40. Nb7 Rc2 41. Na5 1/2-1/2

[Event "Donau op 07th"]
[Site "Aschach"]
[Date "1998.12.27"]
[Round "2"]
[White "Wohlfahrt, Herbert J"]
[Black "Ebner, Josef"]
[Result "1/2-1/2"]
[WhiteElo "2265"]
[BlackElo "2105"]
[PlyCount "112"]
[EventDate "1998.12.26"]
[EventType "swiss"]
[EventRounds "7"]
[EventCountry "AUT"]
[SourceTitle "EXT 2000"]
[Source "ChessBase"]
[SourceDate "1999.11.16"]
[SourceVersion "1"]
[SourceVersionDate "1999.11.16"]
[SourceQuality "1"]

1. d4 Nf6 2. Nf3 e6 3. c4 Bb4+ 4. Bd2 Qe7 5. g3 Nc6 6. Bg2 Bxd2+ 7. Nbxd2 d6 8. 0-0 a5 9. e4 e5 10. d5 Nb8 11. Ne1 h5 12. Nd3 h4 13. Qe2 hxg3 14. hxg3 c5 15. b3 b6 16. a3 Na6 17. b4 Rb8 18. bxa5 bxa5 19. Rfb1 0-0 20. Rb5 Qc7 21. Rab1 Bd7 22. Rxb8 Rxb8 23. Rxb8+ Qxb8 24. f4 Ba4 25. Bf3 Bc2 26. Kf2 Bxd3 27. Qxd3 Qb2 28. Ke2 a4 29. Ke1 Nd7 30. Bd1 Nb6 31. Qb1 Nxc4 32. Qxb2 Nxb2 33. Be2 Nb8 34. Bb5 f6 35. Ke2 Kf8 36. Nb1 c4 37. fxe5 fxe5 38. Kd2 Ke7 39. Kc3 Nd3 40. Kxc4 Nc5 41. Nc3 Nbd7 42. Kb4 Nf6 43. Nxa4 Nxa4 44. Bxa4 Nxe4 45. Bc2 Nxg3 46. Kb5 Kd7 47. a4 e4 48. Kc4 e3 49. Kd3 e2 50. Kd2 Kc7 51. a5 Kb7 52. Bd3 Ka7 53. Ke1 g5 54. Kf2 Kb7 55. Bc4 Ka7 56. Bd3 Kb7 1/2-1/2

[Event "Taufkirchen"]
[Site "Taufkirchen"]
[Date "1998.08.30"]
[Round "6"]
[White "Testor, Sebastian"]
[Black "Ebner, Josef"]
[Result "1/2-1/2"]
[WhiteElo "1931"]
[BlackElo "1979"]
[PlyCount "57"]
[EventDate "1998.08.22"]
[EventType "tourn"]
[EventRounds "9"]
[EventCountry "AUT"]
[EventCategory "2"]
[SourceTitle "EXT 1999"]
[Source "ChessBase"]
[SourceDate "1998.11.16"]
[SourceVersion "1"]
[SourceVersionDate "1998.11.16"]
[SourceQuality "1"]

1. Nf3 g6 2. d4 Nf6 3. Bg5 Bg7 4. Nbd2 d5 5. e3 0-0 6. Bd3 Nbd7 7. 0-0 c5 8. c3 b6 9. a4 Bb7 10. a5 Re8 11. axb6 axb6 12. Bb5 h6 13. Rxa8 Bxa8 14. Bxf6 exf6 15. Qa4 Re7 16. Ra1 Bb7 17. Bxd7 Rxd7 18. dxc5 bxc5 19. Nb3 Qc7 20. Qb5 Bf8 21. Ra7 Qc6 22. Qxc6 Bxc6 23. Rxd7 Bxd7 24. Kf1 Bd6 25. Na5 Bb5+ 26. Ke1 f5 27. Nd2 Ba6 28. g3 Kg7 29. f4 1/2-1/2

[Event "Taufkirchen"]
[Site "Taufkirchen"]
[Date "1998.08.24"]
[Round "3"]
[White "Lautner, Josef"]
[Black "Ebner, Josef"]
[Result "1-0"]
[WhiteElo "2084"]
[BlackElo "1979"]
[PlyCount "80"]
[EventDate "1998.08.22"]
[EventType "tourn"]
[EventRounds "9"]
[EventCountry "AUT"]
[EventCategory "2"]
[SourceTitle "EXT 1999"]
[Source "ChessBase"]
[SourceDate "1998.11.16"]
[SourceVersion "1"]
[SourceVersionDate "1998.11.16"]
[SourceQuality "1"]

1. d4 Nf6 2. c3 d5 3. Bg5 Nbd7 4. Nd2 h6 5. Bh4 e6 6. e3 Be7 7. f4 c5 8. Bd3 Qb6 9. Rb1 0-0 10. Ngf3 Re8 11. 0-0 c4 12. Bc2 Qd8 13. b4 cxb3 14. Rxb3 Nb6 15. Ne5 Bd7 16. c4 dxc4 17. Ndxc4 Nxc4 18. Nxc4 Bc6 19. Bxf6 Bxf6 20. Ne5 Bxe5 21. fxe5 Bd5 22. Rb2 Qg5 23. Qe2 Rac8 24. Rf4 Rc3 25. Qf2 Rc7 26. h4 Qe7 27. e4 Bc4 28. Qg3 Rec8 29. Bd1 Qf8 30. Bh5 Rd8 31. Rbf2 Rdd7 32. d5 b5 33. Rf6 Kh8 34. dxe6 gxf6 35. exd7 Rxd7 36. Rxf6 Qg7 37. Qf4 Kh7 38. Qf5+ Kg8 39. Qxd7 Be6 40. Qe8+ Kh7 1-0

[Event "Taufkirchen"]
[Site "Taufkirchen"]
[Date "1998.08.23"]
[Round "2"]
[White "Ebner, Josef"]
[Black "Hackbarth, Wolfgang"]
[Result "0-1"]
[WhiteElo "1979"]
[BlackElo "2084"]
[PlyCount "46"]
[EventDate "1998.08.22"]
[EventType "tourn"]
[EventRounds "9"]
[EventCountry "AUT"]
[EventCategory "2"]
[SourceTitle "EXT 1999"]
[Source "ChessBase"]
[SourceDate "1998.11.16"]
[SourceVersion "1"]
[SourceVersionDate "1998.11.16"]
[SourceQuality "1"]

1. Nf3 g6 2. d4 Nf6 3. c4 Bg7 4. g3 0-0 5. Bg2 c5 6. b3 cxd4 7. Nxd4 Nc6 8. e3 d5 9. Nxc6 bxc6 10. Bb2 Ba6 11. Qc2 dxc4 12. bxc4 Rb8 13. Bd4 c5 14. Be5 Qa5+ 15. Bc3 Qb6 16. Nd2 Qd6 17. Qa4 Rfd8 18. Rc1 Ng4 19. Ne4 Bxc3+ 20. Rxc3 Rb1+ 21. Ke2 Rb2+ 22. Ke1 Bb7 23. Qa3 Rd7 0-1

[Event "Passau op 6th"]
[Site "Passau"]
[Date "1998.04.12"]
[Round "6"]
[White "Ebner, Josef"]
[Black "Hahn, Andreas"]
[Result "1-0"]
[WhiteElo "1970"]
[BlackElo "1790"]
[PlyCount "47"]
[EventDate "1998.04.10"]
[EventType "swiss"]
[EventRounds "7"]
[EventCountry "GER"]
[SourceTitle "EXT 1999"]
[Source "ChessBase"]
[SourceDate "1998.11.16"]
[SourceVersion "1"]
[SourceVersionDate "1998.11.16"]
[SourceQuality "1"]

1. Nf3 Nf6 2. g3 g6 3. Bg2 Bg7 4. 0-0 0-0 5. d4 d6 6. c4 c5 7. b3 a6 8. Bb2 Nbd7 9. Nbd2 cxd4 10. Nxd4 Qc7 11. Qc2 Ne5 12. h3 Bd7 13. e4 Rac8 14. f4 Nc6 15. Kh2 Rfd8 16. Nxc6 Bxc6 17. a4 b5 18. axb5 axb5 19. cxb5 Bxe4 20. Qxc7 Rxc7 21. Nxe4 Rc2 22. Nxf6+ exf6 23. Bd4 Re8 24. Rfe1 1-0

[Event "Passau op 5th"]
[Site "Passau"]
[Date "1997.??.??"]
[Round "1"]
[White "Straschewski, Joerg"]
[Black "Ebner, Josef"]
[Result "0-1"]
[WhiteElo "2005"]
[BlackElo "1970"]
[PlyCount "54"]
[EventDate "1997.05.??"]
[EventType "swiss"]
[EventRounds "7"]
[EventCountry "GER"]
[SourceTitle "EXT 2001"]
[Source "ChessBase"]
[SourceDate "2000.11.22"]
[SourceVersion "1"]
[SourceVersionDate "2000.11.22"]
[SourceQuality "1"]

1. Nf3 e6 2. g3 b6 3. Bg2 Bb7 4. 0-0 f5 5. d4 Nf6 6. c4 Be7 7. Nc3 Ne4 8. Qc2 Nxc3 9. Qxc3 Bf6 10. b3 d6 11. Bb2 Nd7 12. Nd2 Bxg2 13. Kxg2 0-0 14. Qc2 g5 15. e4 Bg7 16. Rae1 f4 17. e5 dxe5 18. dxe5 g4 19. f3 Qg5 20. Ne4 Qf5 21. Nf6+ Rxf6 22. Qd1 gxf3+ 23. Rxf3 Rf7 24. Rxf4 Qg6 25. Rxf7 Qxf7 26. Rf1 Qe7 27. Ba3 c5 0-1